000 00703nam a2200229Ia 4500
008 160319s9999 xx 000 0 und d
020 _a978-97127-2177-9
050 _aFIL PE 1068.P5
050 _b.P45 2009
245 _aPhilippine English :
245 _blinguistics and literary perspectives /
245 _cedited by Ma. Lourdes Bautista, Kingsley Bolton.
260 _aPasig City:
260 _bAnvil Pub. Inc.,
260 _c2009
300 _a405 pages :
300 _billustrations ;
300 _c23 cm.
500 _aIncludes bibliographical references and index.
650 _aEnglish language -- Philippines.
650 _xEnglish language -- Social aspects -- Philippines.
999 _c291767
_d291767